The Common Agricultural Policy Single Payment and Support Schemes (Cross Compliance) (England) Regulations 2004 (Record no. 103981)
[ view plain ]
| 000 -LEADER | |
|---|---|
| fixed length control field | 01593cam a2200253 4500 |
| 008 - FIXED-LENGTH DATA ELEMENTS--GENERAL INFORMATION | |
| fixed length control field | 050202n2004 000 0 eng u |
| 020 ## - INTERNATIONAL STANDARD BOOK NUMBER | |
| International Standard Book Number | 0110507754 |
| 035 ## - SYSTEM CONTROL NUMBER | |
| System control number | (Sirsi) u128700 |
| 041 ## - LANGUAGE CODE | |
| Language code of text/sound track or separate title | eng |
| 245 #4 - TITLE STATEMENT | |
| Title | The Common Agricultural Policy Single Payment and Support Schemes (Cross Compliance) (England) Regulations 2004 |
| 260 ## - PUBLICATION, DISTRIBUTION, ETC. | |
| Place of publication, distribution, etc. | London |
| Name of publisher, distributor, etc. | HMSO |
| Date of publication, distribution, etc. | 2004 |
| 490 ## - SERIES STATEMENT | |
| Series statement | SI |
| Volume/sequential designation | 2004: 3196 |
| 520 ## - SUMMARY, ETC. | |
| Summary, etc. | Makes provision in England for the administration and enforcement of Council Regulation/1782/2003 and Commisson Regulation/796/2004 in relation to cross compliance under the new system of direct support schemes under the Common Agricultural Policy. Cross-compliance is defined in the Explanatory note. Reg 3 designates the SoS as the competent national authority responsible for providing farmers with a list of the statutory management requirements and standards of good agricultural and environmental condition . Reg 4 sets out the standards of good agricultural and environmental conditions which will apply. View at www.legislation.hmso.gov.uk. |
| 650 ## - SUBJECT ADDED ENTRY--TOPICAL TERM | |
| Topical term or geographic name entry element | CAP REFORM |
| 650 ## - SUBJECT ADDED ENTRY--TOPICAL TERM | |
| Topical term or geographic name entry element | SINGLE PAYMENT SCHEME |
| 650 ## - SUBJECT ADDED ENTRY--TOPICAL TERM | |
| Topical term or geographic name entry element | CROSS COMPLIANCE |
| 650 ## - SUBJECT ADDED ENTRY--TOPICAL TERM | |
| Topical term or geographic name entry element | COMMON AGRICULTURAL POLICY SINGLE PAYMENT AND SUPPORT SCHEMES (CROSS COMPLIANCE) (ENGLAND) REGULATIONS 2004 |
| 650 ## - SUBJECT ADDED ENTRY--TOPICAL TERM | |
| Topical term or geographic name entry element | COMMON AGRICULTURAL POLICY |
| 650 ## - SUBJECT ADDED ENTRY--TOPICAL TERM | |
| Topical term or geographic name entry element | REGULATION (EC) 1782/2003 |
| 650 ## - SUBJECT ADDED ENTRY--TOPICAL TERM | |
| Topical term or geographic name entry element | COMMISSION REGULATION NO.796 (2004) |
| 690 ## - LOCAL SUBJECT ADDED ENTRY--TOPICAL TERM (OCLC, RLIN) | |
| Topical term or geographic name as entry element | RURAL-FARM BUSINESS MANAGEMENT |
| 856 ## - ELECTRONIC LOCATION AND ACCESS | |
| Uniform Resource Identifier | <a href="https://www.legislation.hmso.gov.uk/si/si2004/20043196.htm">https://www.legislation.hmso.gov.uk/si/si2004/20043196.htm</a> |
| Public note | View the Regulations on the HMSO website... |
| 942 ## - ADDED ENTRY ELEMENTS (KOHA) | |
| Suppress in OPAC | 0 |
| Withdrawn status | Lost status | Source of classification or shelving scheme | Damaged status | Not for loan | Home library | Current library | Shelving location | Date acquired | Total Checkouts | Full call number | Barcode | Date last seen | Copy number | Price effective from | Koha item type |
|---|---|---|---|---|---|---|---|---|---|---|---|---|---|---|---|
| Dewey Decimal Classification | Virtual | Virtual | Online | 02/02/2005 | ONLINE PUBLICATION | 128700-2001 | 06/08/2019 | 1 | 06/08/2019 | Book |